| 000 | 00718nam a2200217 a 4500 | ||
|---|---|---|---|
| 001 | 000034628 | ||
| 005 | 20240529124643.0 | ||
| 008 | 111011s1996 mx a r 000 0 spa d | ||
| 020 | _a9700513386 | ||
| 040 |
_aDO-SdBNP _bspa _cBNPHU |
||
| 082 |
_aB869.42 _bC672a |
||
| 100 | 1 |
_aCoelho, Paulo, _d1947- _913649 |
|
| 240 | 1 | 0 | _aNa margem do rio piedra eu sentei e chorei |
| 245 | 1 | 0 |
_aA orillas del río piedra me senté y lloré / _cPaulo Coelho ; traductor Alfonso Indecona. |
| 260 |
_aMéxico : _bGrijalbo, _c1996. |
||
| 300 |
_a222 p. : _bil. ; _c24 cm. |
||
| 590 | _aInventariado, 2019/BT | ||
| 650 | 0 |
_aNovela brasileña _913650 |
|
| 650 | 4 |
_aLiteratura brasileña _9823 |
|
| 700 | 1 |
_aIndecona, Alfonso, _etr. _922793 |
|
| 999 |
_c34119 _d34119 |
||